Normal view
MARC view
Entry Topical Term
001 - CONTROL NUMBER
- control field: 7151
003 - CONTROL NUMBER IDENTIFIER
- control field: BD-RjUL
005 - DATE AND TIME OF LATEST TRANSACTION
- control field: 20230311145119.0
008 - FIXED-LENGTH DATA ELEMENTS
- fixed length control field: 230311|| aca||aabn | a|a d
040 ## - CATALOGING SOURCE
- Original cataloging agency: BD-RjUL
- Transcribing agency: BD-RjUL
150 ## - HEADING--TOPICAL TERM
- Topical term or geographic name entry element: Tribal communities
- Geographic subdivision: Bangladesh
670 ## - SOURCE DATA FOUND
- Source citation: Work cat.: (BD-RjUL)81286: Islam, Mohammad. Shahidul 7150, Subjective well-being of tribal people of Bangladesh as related to their education, gender and income /, 2015